Języki indoeuropejskie - nagła śmierć - Statystyki

Ogólne statystyki
  • Ten quiz został rozwiązany 177 razy
  • Średni wynik to 7 z 21
Answers on the Grid
Answers color-coded by a green-red scale on the quiz's grid according to % correct below.
albański
baskijski
niderlandzki
francuski
hebrajski
włoski
norweski
tamilski
arabski
bengalski
angielski
gruziński
hindi
łaciński
rosyjski
telugu
ormiański
kataloński
estoński
niemiecki
węgierski
łotewski
sanskryt
walijski
azerski
duński
fiński
grecki
islandzki
maltański
hiszpański
jidysz
 
Statystyki odpowiedzi
Odpowiedź % Poprawnych
francuski
62%
włoski
57%
norweski
56%
niderlandzki
54%
albański
53%
angielski
51%
hiszpański
37%
rosyjski
33%
łaciński
32%
niemiecki
32%
grecki
30%
hindi
28%
łotewski
28%
duński
27%
kataloński
27%
bengalski
22%
islandzki
21%
jidysz
14%
walijski
13%
ormiański
12%
sanskryt
12%
Nie znaleziono quizów pasujących do podanych kryteriów
Rozkład punktacji
Procent ludzi z każdym wynikiem
Percentyl według liczby udzielonych odpowiedzi
Twoja historia wyników
Nie rozwiązałeś tego quizu